000 01020nam0a22002771 4500
001 rc\4550383
005 20130416183758.8
021 _aRU
_b[62-59344]
035 _a(NLR Aleph) 008640924
090 _a8941706
_c8941706
100 _a20130416d1962 |||y0rusy50 ca
101 0 _arus
102 _aRU
105 _aa j |||||
200 1 _aНагревательные печи
_e[Учебник для машиностроит. техникумов]
210 _aМосква
_aСвердловск
_cМашгиз. [Урало-Сиб. отд-ние]
_d1962
215 _a344 с.
_cил.
_d22
320 _aБиблиогр.: с. 338-339 (49 назв.)
606 _aНагревательные печи
_jУчебники и пособия
_2psbo
700 1 _aЛебедев
_bН. С.
_gНиколай Сергеевич
701 1 _aТелегин
_bА. С.
_gАлександр Семенович
801 0 _aRU
_bNLR
_gpsbo
801 1 _aRU
_bELAR
_2rusmarc
852 _aNLR
_j62-5/4113
942 _cBOOK
980 _aNB